000 00584nam a2200193Ia 4500
008 151121s9999||||xx |||||||||||||| ||und||
082 _a813-/पाटील
082 _bHNW-54562
100 _aपाटील पद्माकर
245 _aमहानगर
260 _b"ज्ञानेश प्रकाशन, नागपूर"
260 _c--
300 _a163
600 _aपाटील पद्माकर
630 _aमहानगर
700 _aपाटील पद्माकर
730 _aमहानगर
942 _cBOOK
999 _c1237804
_d1237801